| 000 | 01245cam a22002891i 4500 | ||
|---|---|---|---|
| 003 | SA-RiAUC | ||
| 005 | 20241203143132.0 | ||
| 008 | 241203s1997 ir g b 001 0 ara c | ||
| 020 | _a9646177557 | ||
| 040 |
_aSA-JeALM _bara _cSA-RiAUC _erda |
||
| 082 | 0 | 4 |
_a258.6 _qSA-RiAUC |
| 090 |
_a258.6 _b ش ر ي |
||
| 100 | 1 |
_aالشريف المرتضى، علي بن الحسين بن موسى، _d355-436 هجري _eمؤلف. |
|
| 245 | 1 | 0 |
_aمسائل الناصريات / _cعلي بن الحسين بن موسى الشريف المرتضى. تحقيق مركز البحوث والدراسات العلمية |
| 250 | _aالطبعة الأولى. | ||
| 264 | 1 |
_aطهران : _bرابطة الثقافة والعلاقات الإسلامية، _c1997 |
|
| 300 |
_a516 صفحة ؛ _c24 سم |
||
| 336 |
_aنص _btxt _2rdacontent _3كتاب |
||
| 337 |
_aبدون وسيط _bn _2rdamedia |
||
| 338 |
_aمجلد _bnc _2rdacarrier |
||
| 500 | _aيشتمل على كشافات. | ||
| 504 | _aببليوجرافية : صفحة 473-505. | ||
| 650 | 7 |
_aفقه الشيعة _2aucsh |
|
| 710 |
_aمركز البحوث والدراسات الاسلامية . طهران _eمحقق |
||
| 942 |
_2ddc _cBOOK _n0 |
||
| 949 |
_aSA-JeALM _d241203 _uosman123 _n1 |
||
| 999 |
_c2994 _d2994 |
||